Introduction to e-commerce (Record no. 4448)

MARC details
000 -LEADER
fixed length control field 00465 a2200157 4500
000 - LEADER
fixed length control field BKB
001 - CONTROL NUMBER
control field 071092
005 - DATE AND TIME OF LATEST TRANSACTION
control field 20200902150926.0
008 - FIXED-LENGTH DATA ELEMENTS--GENERAL INFORMATION
fixed length control field
082 ## - DEWEY DECIMAL CLASSIFICATION NUMBER
Classification number 658.872
Item number Q15I
100 1# - MAIN ENTRY--PERSONAL NAME
Personal name Qin, Zheng
245 1# - TITLE STATEMENT
Title Introduction to e-commerce
Statement of responsibility, etc by Zheng Qin
260 ## - PUBLICATION, DISTRIBUTION, ETC. (IMPRINT)
Place of publication, distribution, etc New York
Name of publisher, distributor, etc Springer
Date of publication, distribution, etc 2009
300 ## - PHYSICAL DESCRIPTION
Extent 517p.
690 ## - LOCAL SUBJECT ADDED ENTRY--TOPICAL TERM (OCLC, RLIN)
Topical term or geographic name as entry element Electronic commerce; Management information systems; Electronic commerce--Management
Holdings
Withdrawn status Lost status Damaged status Not for loan Home library Current library Date acquired Cost, normal purchase price Total Checkouts Full call number Barcode Date last seen Date checked out Price effective from Koha item type
        Central University Of Rajasthan Central University Of Rajasthan 07/03/2012 7438.10 1 658.872 Q15I 5379 12/09/2024 06/08/2024 02/09/2020 Books